| 000 | 00396nam a2200145 i 4500 | ||
|---|---|---|---|
| 001 | 150266 | ||
| 003 | ES-MaACL | ||
| 005 | 20230906203436.0 | ||
| 007 | t| | ||
| 008 | 071029s1973 sp ||||1| spa d | ||
| 245 | 0 | 0 | _aVademecum del cruzado. |
| 260 |
_a[Valladolid : _bCruzada de Santa MarĂa, _c1973] ( _fTip. Cristo Rey) |
||
| 300 |
_a294 p. ; _c17 cm. |
||
| 852 |
_aES-MaACL _jC-53740 _bR.86623 |
||
| 999 |
_c150266 _d150266 |
||